| 000 -NÁVESTIE |
| fixed length control field |
01493cam a2200481 a 4500 |
| 001 - EVIDENČNÉ ČÍSLO ZÁZNAMU - Kontrolné číslo |
| control field |
vtls000578456 |
| 005 - DÁTUM A ČAS POSLEDNEJ TRANSAKCIE |
| control field |
20200129125718.0 |
| 008 - ÚDAJE S PEVNOU DĹŽKOU – VŠEOBECNÉ INFORMÁCIE |
| fixed length control field |
170223s2016 xo g nf 000 0 slo d |
| 020 ## - MEDZINÁRODNÉ ŠTANDARDNÉ ČÍSLO KNIHY (ISBN) |
| Medzinárodné štandardné číslo knihy (ISBN) |
9788081004780 (brož.) |
| 035 ## - Iný štandardný identifikátor |
| Iný štandardný identifikátor |
a000578456 |
| 040 ## - ZDROJ KATALOGIZÁCIE |
| Pôvodná katalogizujúca agentúra |
SVKBB |
| Jazyk katalogizácie |
slo |
| Prepisujúca agentúra |
UKB |
| Modifikujúca agentúra |
SNK |
| Konvencie popisu |
AACR2 |
| 041 1# - KÓD JAZYKA |
| Kód jazyka textu/zvukovej stopy alebo samostatných nápisov |
slo |
| Kód jazyka originálu a/alebo sprostredkujúcich prekladov textu |
eng |
| 044 ## - KÓD KRAJINY VYDAVATEĽA/PRODUCENTA |
| Kód krajiny MARC |
xo |
| Kód krajiny ISO |
SK |
| 072 #7 - KÓD PREDMETOVEJ KATEGÓRIE |
| Kód predmetovej kategórie |
159.93/.94 |
| Pododdiel kódu predmetovej kategórie |
Senzorické a motorické funkcie. Emócie. Vôľa |
| Zdroj |
konspekt |
| 080 ## - ČÍSLO MEDZINÁRODNÉHO DESATINNÉHO TRIEDENIA (MDT) |
| Číslo Medzinárodného desatinného triedenia (MDT) |
159.942 |
| Identifikátor vydania |
2011 |
| 080 ## - ČÍSLO MEDZINÁRODNÉHO DESATINNÉHO TRIEDENIA (MDT) |
| Číslo Medzinárodného desatinného triedenia (MDT) |
159.923.5 |
| Identifikátor vydania |
2011 |
| 080 ## - ČÍSLO MEDZINÁRODNÉHO DESATINNÉHO TRIEDENIA (MDT) |
| Číslo Medzinárodného desatinného triedenia (MDT) |
159.944 |
| Identifikátor vydania |
2011 |
| 080 ## - ČÍSLO MEDZINÁRODNÉHO DESATINNÉHO TRIEDENIA (MDT) |
| Číslo Medzinárodného desatinného triedenia (MDT) |
613.86 |
| Identifikátor vydania |
2011 |
| 080 ## - ČÍSLO MEDZINÁRODNÉHO DESATINNÉHO TRIEDENIA (MDT) |
| Číslo Medzinárodného desatinného triedenia (MDT) |
2-583 |
| Identifikátor vydania |
2001 |
| 080 ## - ČÍSLO MEDZINÁRODNÉHO DESATINNÉHO TRIEDENIA (MDT) |
| Číslo Medzinárodného desatinného triedenia (MDT) |
(035) |
| Identifikátor vydania |
2011 |
| 100 0# - OSOBNÉ MENÁ – VŠEOBECNÉ INFORMÁCIE |
| Osobné meno |
Osho, |
| Dátumy súvisiace s menom |
1931-1990 |
| -- |
1616 |
| 240 10 - UNIFIKOVANÝ NÁZOV |
| Unifikovaný názov |
Emotions. |
| Jazyk diela |
Slovensky |
| 245 10 - NÁZOV |
| Názov |
Emócie |
| Zvyšok názvu |
[strach a úzkosť, zlosť a nenávisť, smútok, depresia, závisť, žiarlivosť, ako sa ich zbaviť? : všetky problémy si vytvárame sami!] |
| Údaj o zodpovednosti atď. |
Osho |
| 250 ## - ÚDAJ O PORADÍ VYDANIA |
| Údaj o poradí vydania |
1. vyd. |
| 260 ## - VYDAVATEĽSKÉ ÚDAJE, DISTRIBÚCIA ATĎ. |
| Miesto publikovania, distribúcie atď. |
Bratislava |
| Názov vydavateľa, distibútora atď. |
Eugenika |
| Dátum publikovania, distribúcie atď. |
2016 |
| 300 ## - FYZICKÝ POPIS |
| Rozsah |
117 s. |
| 500 ## - VŠEOBECNÁ POZNÁMKA |
| Formátovaná poznámka o obsahu |
Prel. z angl. orig. |
| 650 07 - PRIDANÝ VSTUP – PREDMET – TEMATICKÉ HESLO |
| Tematické heslo alebo geografický názov ako vstupný prvok |
emócie |
| Zdroj hesla alebo termínu |
UKBPH |
| -- |
1617 |
| 650 07 - PRIDANÝ VSTUP – PREDMET – TEMATICKÉ HESLO |
| Tematické heslo alebo geografický názov ako vstupný prvok |
sebaovládanie |
| Zdroj hesla alebo termínu |
UKBPH |
| -- |
1618 |
| 650 07 - PRIDANÝ VSTUP – PREDMET – TEMATICKÉ HESLO |
| Tematické heslo alebo geografický názov ako vstupný prvok |
psychická odolnosť |
| Zdroj hesla alebo termínu |
UKBPH |
| -- |
1619 |
| 650 07 - PRIDANÝ VSTUP – PREDMET – TEMATICKÉ HESLO |
| Tematické heslo alebo geografický názov ako vstupný prvok |
zvládanie stresu |
| Zdroj hesla alebo termínu |
UKBPH |
| -- |
1620 |
| 650 07 - PRIDANÝ VSTUP – PREDMET – TEMATICKÉ HESLO |
| Tematické heslo alebo geografický názov ako vstupný prvok |
meditácia |
| Zdroj hesla alebo termínu |
UKBPH |
| -- |
1621 |
| 650 07 - PRIDANÝ VSTUP – PREDMET – TEMATICKÉ HESLO |
| Tematické heslo alebo geografický názov ako vstupný prvok |
negatívne emócie |
| Zdroj hesla alebo termínu |
UKBPH |
| -- |
1622 |
| 653 ## - INDEXAČNÝ TERMÍN – VOĽNÉ INDEXOVANIE |
| Neriadený termín |
159.942 |
| 653 ## - INDEXAČNÝ TERMÍN – VOĽNÉ INDEXOVANIE |
| Neriadený termín |
159.923.5 |
| 653 ## - INDEXAČNÝ TERMÍN – VOĽNÉ INDEXOVANIE |
| Neriadený termín |
159.944 |
| 653 ## - INDEXAČNÝ TERMÍN – VOĽNÉ INDEXOVANIE |
| Neriadený termín |
613.86 |
| 653 ## - INDEXAČNÝ TERMÍN – VOĽNÉ INDEXOVANIE |
| Neriadený termín |
2-583 |
| 653 ## - INDEXAČNÝ TERMÍN – VOĽNÉ INDEXOVANIE |
| Neriadený termín |
(035) |
| 655 #7 - INDEXAČNÝ TERMÍN – ŽÁNER/FORMA |
| Údaje o žánri/forme alebo termín, ktorý je prvok fazety |
príručky |
| Zdroj termínu |
UKBPH |
| -- |
1541 |
| 958 ## - Formálny deskriptor |
| Formálny deskriptor |
OP |